[Event "Moscow_Open_19_Turnir"]
[Site "?"]
[Date "2019.01.30"]
[Round "6.1"]
[White "Ivlev, Aleksey"]
[Black "Sarana, Alexey"]
[Result "0-1"]
[BlackElo "2630"]
[WhiteElo "2326"]
[LiveChessVersion "1.4.8"]

1. d4 {[%clk 1:18:54]} Nf6 {[%clk 1:30:53]} 2. Nf3 {[%clk 1:19:02]} b6
{[%clk 1:30:12]} 3. g3 {[%clk 1:19:20]} Bb7 {[%clk 1:30:39]} 4. Bg2
{[%clk 1:19:46]} g6 {[%clk 1:30:55]} 5. O-O {[%clk 1:19:59]} Bg7 {[%clk 1:31:21]}
6. c4 {[%clk 1:18:55]} O-O {[%clk 1:31:38]} 7. Nc3 {[%clk 1:17:55]} Ne4
{[%clk 1:31:59]} 8. Bd2 {[%clk 1:15:50]} c5 {[%clk 1:26:22]} 9. Be1
{[%clk 1:07:20]} Nd6 {[%clk 1:20:02]} 10. b3 {[%clk 1:04:27]} cxd4
{[%clk 1:18:45]} 11. Nxd4 {[%clk 1:04:45]} Bxg2 {[%clk 1:19:09]} 12. Kxg2
{[%clk 1:05:11]} Nc6 {[%clk 1:19:35]} 13. Nxc6 {[%clk 1:03:06]} dxc6
{[%clk 1:20:03]} 14. e3 {[%clk 0:57:18]} Qd7 {[%clk 1:18:49]} 15. Qf3
{[%clk 0:54:19]} Qf5 {[%clk 1:01:46]} 16. Rd1 {[%clk 0:49:16]} Rad8
{[%clk 1:01:07]} 17. Qe2 {[%clk 0:43:28]} Qe6 {[%clk 0:53:34]} 18. Qc2
{[%clk 0:33:24]} Rd7 {[%clk 0:52:39]} 19. Ne2 {[%clk 0:30:55]} Rfd8
{[%clk 0:51:19]} 20. Bc3 {[%clk 0:22:56]} Qe4+ {[%clk 0:50:49]} 21. Qxe4
{[%clk 0:23:21]} Nxe4 {[%clk 0:51:16]} 22. Rxd7 {[%clk 0:23:41]} Rxd7
{[%clk 0:51:42]} 23. Bxg7 Kxg7 {[%clk 0:52:10]} 24. Nd4 {[%clk 0:21:37]} c5
{[%clk 0:52:23]} 25. Nf3 {[%clk 0:21:15]} f5 {[%clk 0:50:48]} 26. h3
{[%clk 0:20:40]} Kf6 {[%clk 0:50:51]} 27. Rc1 {[%clk 0:19:10]} e5
{[%clk 0:45:36]} 28. Rc2 {[%clk 0:18:45]} Rd1 {[%clk 0:45:49]} 29. Ng1
{[%clk 0:18:20]} Ng5 {[%clk 0:38:27]} 30. h4 {[%clk 0:17:21]} Ne4
{[%clk 0:37:01]} 31. Ne2 {[%clk 0:17:19]} Ke6 {[%clk 0:37:22]} 32. f3
{[%clk 0:17:18]} Nf6 {[%clk 0:37:11]} 33. Nc3 {[%clk 0:16:48]} Rd7
{[%clk 0:34:50]} 34. Kf2 {[%clk 0:16:43]} h6 {[%clk 0:33:48]} 35. Ke2
{[%clk 0:15:00]} e4 {[%clk 0:33:15]} 36. f4 {[%clk 0:14:01]} Rd3 {[%clk 0:33:33]}
37. Nb5 {[%clk 0:10:13]} a6 {[%clk 0:23:50]} 38. Nc3 {[%clk 0:10:37]} Kf7
{[%clk 0:23:13]} 39. Na4 {[%clk 0:09:34]} Ng4 {[%clk 0:23:10]} 40. Nxb6
{[%clk 0:06:57]} Rxe3+ {[%clk 0:22:47]} 41. Kf1 {[%clk 0:07:22]} Rxg3
{[%clk 0:22:37]} 42. Rd2 {[%clk 0:07:44]} Rf3+ {[%clk 0:22:55]} 43. Ke1
{[%clk 0:08:05]} Rxf4 {[%clk 0:23:10]} 44. b4 {[%clk 0:08:06]} Ne5
{[%clk 0:19:43]} 45. Rd6 {[%clk 0:06:55]} Rxh4 {[%clk 0:18:33]} 46. bxc5
{[%clk 0:07:10]} f4 {[%clk 0:18:12]} 47. Nd5 {[%clk 0:07:22]} e3 {[%clk 0:18:07]}
0-1

[Event "Moscow_Open_19_Turnir"]
[Site "?"]
[Date "2019.01.30"]
[Round "6.2"]
[White "Pischasov, Alexander"]
[Black "Mokshanov, Alexey"]
[Result "0-1"]
[BlackElo "2442"]
[WhiteElo "2022"]
[LiveChessVersion "1.4.8"]

1. d4 {[%clk 1:30:59]} d5 {[%clk 1:28:45]} 2. c4 {[%clk 1:31:23]} e6
{[%clk 1:29:09]} 3. Nf3 {[%clk 1:31:48]} Nf6 {[%clk 1:29:29]} 4. g3
{[%clk 1:32:10]} dxc4 {[%clk 1:28:56]} 5. Bg2 {[%clk 1:32:20]} a6
{[%clk 1:28:47]} 6. O-O {[%clk 1:32:11]} Nc6 {[%clk 1:28:31]} 7. Bg5
{[%clk 1:32:21]} Be7 {[%clk 1:28:05]} 8. e3 {[%clk 1:32:24]} Bd7 {[%clk 1:27:25]}
9. Qc1 {[%clk 1:31:54]} b5 {[%clk 1:25:46]} 10. b3 {[%clk 1:31:23]} cxb3 11. axb3
{[%clk 1:31:46]} Nd5 {[%clk 1:21:03]} 12. Bxe7 Ncxe7 {[%clk 1:18:47]} 13. Ne5
{[%clk 1:26:35]} O-O {[%clk 1:17:11]} 14. Nc3 {[%clk 1:25:56]} c6
{[%clk 1:05:51]} 15. Ne4 a5 {[%clk 1:03:40]} 16. Nc5 {[%clk 1:24:58]} Bc8
{[%clk 0:58:07]} 17. Qd2 {[%clk 1:23:37]} b4 {[%clk 0:53:13]} 18. Rfc1
{[%clk 1:21:13]} Ba6 19. Ne4 {[%clk 1:06:23]} Bb5 {[%clk 0:42:24]} 20. Qc2
{[%clk 1:04:49]} h6 {[%clk 0:39:39]} 21. h4 {[%clk 0:49:06]} Ra6 {[%clk 0:34:54]}
22. Kh2 {[%clk 0:41:27]} Qa8 {[%clk 0:31:41]} 23. Nd7 {[%clk 0:39:57]} Rd8
{[%clk 0:31:05]} 24. Ndc5 {[%clk 0:40:20]} Ra7 {[%clk 0:30:48]} 25. Bh3
{[%clk 0:33:40]} Qb8 {[%clk 0:20:14]} 26. Qd1 {[%clk 0:21:34]} Ng6
{[%clk 0:14:12]} 27. Qh5 {[%clk 0:20:48]} Nf8 {[%clk 0:14:20]} 28. Re1
{[%clk 0:18:10]} Re8 {[%clk 0:14:21]} 29. f4 {[%clk 0:18:32]} Nh7
{[%clk 0:12:38]} 30. Qf3 {[%clk 0:17:28]} Nhf6 {[%clk 0:08:57]} 31. Kh1
{[%clk 0:14:05]} Nxe4 {[%clk 0:09:06]} 32. Qxe4 {[%clk 0:14:16]} Nf6
{[%clk 0:08:18]} 33. Qg2 {[%clk 0:13:43]} Qc7 {[%clk 0:07:46]} 34. g4
{[%clk 0:13:56]} Nd7 {[%clk 0:08:11]} 35. Ne4 {[%clk 0:13:46]} c5
{[%clk 0:07:48]} 36. g5 {[%clk 0:11:26]} Bc6 {[%clk 0:04:17]} 37. gxh6
{[%clk 0:11:00]} g6 {[%clk 0:04:46]} 38. Bg4 {[%clk 0:09:22]} Qd8
{[%clk 0:04:16]} 39. Kg1 {[%clk 0:07:46]} Bxe4 {[%clk 0:03:59]} 40. Qxe4
{[%clk 0:08:14]} Qxh4 {[%clk 0:04:22]} 41. Bf3 {[%clk 0:07:36]} Qxh6
{[%clk 0:04:04]} 42. dxc5 {[%clk 0:07:24]} Nxc5 {[%clk 0:04:02]} 43. Qc6
{[%clk 0:07:28]} Qf8 {[%clk 0:03:51]} 44. Qb6 {[%clk 0:07:04]} Ra6
{[%clk 0:03:29]} 45. Qb5 {[%clk 0:07:28]} Rb8 {[%clk 0:03:53]} 46. Qc4
{[%clk 0:07:51]} a4 {[%clk 0:02:58]} 47. bxa4 {[%clk 0:08:19]} Rxa4
{[%clk 0:03:11]} 48. Rab1 {[%clk 0:07:37]} b3 {[%clk 0:03:00]} 49. Qc3
{[%clk 0:07:58]} Ra2 {[%clk 0:03:02]} 50. Bg2 {[%clk 0:07:28]} Rc2
{[%clk 0:03:06]} 51. Qa5 {[%clk 0:03:54]} Qd8 {[%clk 0:02:48]} 52. Qa7
{[%clk 0:04:11]} Rc8 {[%clk 0:02:31]} 53. Bf3 {[%clk 0:00:40]} Ra2
{[%clk 0:02:37]} 54. Rbd1 {[%clk 0:00:39]} Rxa7 {[%clk 0:03:01]} 0-1

[Event "Moscow_Open_19_Turnir"]
[Site "?"]
[Date "2019.01.30"]
[Round "6.3"]
[White "Tekeyev, Zaur"]
[Black "Smirnov, Timofey"]
[Result "0-1"]
[BlackElo "2347"]
[WhiteElo "2392"]
[LiveChessVersion "1.4.8"]

1. e4 {[%clk 1:24:52]} c5 {[%clk 1:30:54]} 2. Nf3 {[%clk 1:24:44]} d6
{[%clk 1:31:16]} 3. Bb5+ {[%clk 1:25:09]} Nd7 {[%clk 1:31:01]} 4. O-O
{[%clk 1:25:32]} a6 {[%clk 1:31:03]} 5. Bd3 {[%clk 1:25:57]} Ngf6
{[%clk 1:29:39]} 6. Re1 {[%clk 1:26:21]} e5 {[%clk 1:26:54]} 7. c3
{[%clk 1:26:25]} Be7 {[%clk 1:26:52]} 8. Bc2 {[%clk 1:25:46]} O-O
{[%clk 1:26:59]} 9. d4 {[%clk 1:17:07]} b5 {[%clk 1:24:43]} 10. a4
{[%clk 1:13:02]} Bb7 {[%clk 1:23:39]} 11. d5 {[%clk 1:13:28]} c4 {[%clk 1:20:03]}
12. axb5 {[%clk 1:09:59]} axb5 {[%clk 1:20:22]} 13. Rxa8 {[%clk 1:10:26]} Qxa8
{[%clk 1:19:06]} 14. Na3 {[%clk 1:10:50]} Ba6 {[%clk 1:17:56]} 15. Nh4
{[%clk 1:10:29]} g6 {[%clk 1:15:16]} 16. Bh6 {[%clk 1:02:05]} Re8
{[%clk 1:14:12]} 17. Qf3 {[%clk 0:56:00]} Bf8 {[%clk 1:11:41]} 18. Bg5
{[%clk 0:42:58]} Be7 {[%clk 1:04:04]} 19. Qg3 {[%clk 0:25:39]} Nh5
{[%clk 0:59:58]} 20. Qe3 {[%clk 0:26:07]} Bxg5 {[%clk 0:58:11]} 21. Qxg5
{[%clk 0:26:35]} Qd8 {[%clk 0:58:04]} 22. Qxd8 {[%clk 0:26:16]} Rxd8
{[%clk 0:58:27]} 23. Ra1 {[%clk 0:26:35]} Nc5 {[%clk 0:58:50]} 24. Nf3
{[%clk 0:24:06]} Rb8 {[%clk 0:50:02]} 25. Nd2 {[%clk 0:24:09]} Kf8
{[%clk 0:34:16]} 26. g3 {[%clk 0:23:49]} Ke7 {[%clk 0:34:09]} 27. f3
{[%clk 0:23:38]} Ng7 {[%clk 0:32:56]} 28. Kf2 {[%clk 0:21:36]} f5
{[%clk 0:31:11]} 29. Ke3 {[%clk 0:21:09]} h6 {[%clk 0:27:12]} 30. Rb1
{[%clk 0:15:08]} Rc8 {[%clk 0:24:01]} 31. b4 {[%clk 0:09:12]} cxb3
{[%clk 0:18:54]} 32. Bxb3 {[%clk 0:09:27]} g5 {[%clk 0:11:23]} 33. Bc2
{[%clk 0:05:30]} Nxe4 {[%clk 0:11:10]} 34. fxe4 {[%clk 0:00:34]} Rxc3+
{[%clk 0:11:32]} 35. Ke2 {[%clk 0:00:48]} b4+ {[%clk 0:10:47]} 36. Kd1
{[%clk 0:00:45]} bxa3 {[%clk 0:11:05]} 37. exf5 {[%clk 0:00:45]} Bd3
{[%clk 0:08:20]} 38. Rb7+ {[%clk 0:00:34]} Kf6 {[%clk 0:05:31]} 39. Bxd3
{[%clk 0:01:03]} Rxd3 {[%clk 0:05:59]} 40. g4 {[%clk 0:00:59]} Rxd5
{[%clk 0:04:55]} 41. Ke2 {[%clk 0:00:55]} Rd4 {[%clk 0:05:19]} 42. Ke3
{[%clk 0:00:35]} Rxg4 {[%clk 0:03:55]} 43. Ne4+ {[%clk 0:00:41]} Kxf5
{[%clk 0:04:22]} 44. Rf7+ {[%clk 0:00:31]} Kg6 {[%clk 0:04:30]} 45. Rf6+
{[%clk 0:01:00]} Kh7 {[%clk 0:04:59]} 46. Nxd6 {[%clk 0:00:43]} Rf4
{[%clk 0:04:39]} 47. Kd4 0-1

[Event "Moscow_Open_19_Turnir"]
[Site "?"]
[Date "2019.01.30"]
[Round "6.4"]
[White "Zakhartsov, Vladimir"]
[Black "Mamatov, Melis"]
[Result "1/2-1/2"]
[BlackElo "2203"]
[WhiteElo "2483"]
[LiveChessVersion "1.4.8"]

1. e4 {[%clk 1:20:27]} c5 {[%clk 1:28:02]} 2. Nf3 {[%clk 1:20:52]} d6
{[%clk 1:28:24]} 3. c3 {[%clk 1:21:16]} Nf6 {[%clk 1:26:34]} 4. Bd3
{[%clk 1:21:02]} Bg4 {[%clk 1:22:19]} 5. h3 {[%clk 1:21:12]} Bh5 {[%clk 1:22:23]}
6. Bc2 {[%clk 1:21:32]} e5 {[%clk 1:21:52]} 7. d3 {[%clk 1:21:36]} Be7
{[%clk 1:21:51]} 8. Nbd2 {[%clk 1:21:45]} Nc6 {[%clk 1:21:56]} 9. Nf1
{[%clk 1:21:48]} d5 {[%clk 1:13:28]} 10. Ng3 {[%clk 1:21:56]} Bg6
{[%clk 1:12:56]} 11. O-O {[%clk 1:22:07]} O-O {[%clk 1:10:30]} 12. Nh4
{[%clk 1:22:11]} dxe4 {[%clk 1:08:38]} 13. Nxg6 {[%clk 1:22:28]} hxg6
{[%clk 1:08:58]} 14. dxe4 {[%clk 1:22:55]} Qxd1 {[%clk 1:08:33]} 15. Rxd1
{[%clk 1:23:23]} Rfd8 {[%clk 1:08:25]} 16. Be3 {[%clk 1:23:34]} Rxd1+
{[%clk 1:08:29]} 17. Rxd1 {[%clk 1:23:37]} Rd8 {[%clk 1:08:57]} 18. Rxd8+ Nxd8
{[%clk 1:09:20]} 19. a4 {[%clk 1:23:06]} b6 {[%clk 1:04:53]} 20. Nf1
{[%clk 1:22:21]} Nb7 {[%clk 1:02:02]} 21. Nd2 {[%clk 1:22:43]} Nd6
{[%clk 0:53:52]} 22. g3 {[%clk 1:22:40]} Nd7 {[%clk 0:44:20]} 23. f4 Kf8
{[%clk 0:34:05]} 24. Kg2 {[%clk 1:21:25]} Nb7 {[%clk 0:32:29]} 25. Bb3
{[%clk 1:20:45]} Bd6 {[%clk 0:31:30]} 26. Bd5 {[%clk 1:20:57]} Nd8
{[%clk 0:31:27]} 27. Nf3 {[%clk 1:19:06]} Ke7 {[%clk 0:29:20]} 28. Kf2
{[%clk 1:18:15]} exf4 {[%clk 0:28:15]} 29. gxf4 {[%clk 1:18:36]} Ne6
{[%clk 0:28:36]} 30. e5 {[%clk 1:17:54]} Bc7 {[%clk 0:28:31]} 31. Be4
{[%clk 1:17:42]} f6 {[%clk 0:26:01]} 32. Nh4 {[%clk 1:16:18]} fxe5
{[%clk 0:18:18]} 33. Nxg6+ {[%clk 1:16:34]} Kf6 {[%clk 0:18:34]} 34. f5
{[%clk 1:16:44]} Ng5 {[%clk 0:16:41]} 35. Bg2 {[%clk 1:17:06]} Bd6
{[%clk 0:16:42]} 36. h4 {[%clk 1:14:43]} Kxf5 {[%clk 0:14:19]} 37. Nh8
{[%clk 1:15:08]} Ne6 {[%clk 0:14:28]} 38. Bh3+ {[%clk 1:15:24]} Kf6
{[%clk 0:14:45]} 39. Bg5+ {[%clk 1:15:34]} Nxg5 {[%clk 0:15:06]} 40. hxg5+
{[%clk 1:16:03]} Ke7 {[%clk 0:14:53]} 41. Ng6+ {[%clk 1:16:31]} Kf7
{[%clk 0:14:17]} 42. Nh8+ {[%clk 1:16:48]} Kg8 {[%clk 0:13:17]} 43. Bxd7
{[%clk 1:15:17]} Kxh8 {[%clk 0:13:46]} 44. Ke3 {[%clk 1:15:39]} Be7
{[%clk 0:06:05]} 45. g6 {[%clk 1:15:50]} Bg5+ {[%clk 0:06:16]} 46. Ke4
{[%clk 1:15:23]} Bc1 {[%clk 0:06:34]} 47. b3 {[%clk 1:14:11]} Bd2
{[%clk 0:04:52]} 48. Kd3 {[%clk 1:12:07]} Be1 {[%clk 0:05:10]} 49. Be6
{[%clk 1:12:34]} e4+ {[%clk 0:05:16]} 50. Kxe4 {[%clk 1:11:40]} Bxc3
{[%clk 0:05:44]} 51. Bc4 {[%clk 1:11:17]} Ba1 {[%clk 0:05:56]} 52. Kf5
{[%clk 1:11:36]} Bf6 {[%clk 0:06:07]} 53. Bd5 {[%clk 1:11:27]} Bd8
{[%clk 0:06:20]} 54. Ke6 {[%clk 1:11:50]} Bh4 {[%clk 0:06:32]} 55. Kd7
{[%clk 1:12:12]} Be1 {[%clk 0:06:48]} 56. Kc6 {[%clk 1:12:30]} Bd2
{[%clk 0:07:08]} 57. Kb7 {[%clk 1:12:43]} a5 {[%clk 0:07:36]} 58. Kxb6
{[%clk 1:12:06]} Bb4 {[%clk 0:08:00]} 59. Be6 {[%clk 1:12:21]} Be1
{[%clk 0:08:24]} 60. Kxc5 {[%clk 1:12:43]} Bb4+ {[%clk 0:08:48]} 1/2-1/2

[Event "Moscow_Open_19_Turnir"]
[Site "?"]
[Date "2019.01.30"]
[Round "6.6"]
[White "Fotin, Vladimir"]
[Black "Oguzov, Shamil"]
[Result "1-0"]
[BlackElo "2196"]
[WhiteElo "2341"]
[LiveChessVersion "1.4.8"]

1. Nf3 {[%clk 1:30:58]} Nf6 {[%clk 1:28:48]} 2. c4 {[%clk 1:29:50]} e6
{[%clk 1:29:04]} 3. b3 {[%clk 1:29:40]} b6 {[%clk 1:28:42]} 4. g3
{[%clk 1:29:24]} Bb7 {[%clk 1:25:39]} 5. Bg2 {[%clk 1:29:44]} Be7
{[%clk 1:25:51]} 6. O-O {[%clk 1:29:47]} c5 {[%clk 1:25:45]} 7. Bb2
{[%clk 1:29:37]} O-O {[%clk 1:24:47]} 8. Nc3 {[%clk 1:29:42]} a6 {[%clk 1:23:07]}
9. e3 {[%clk 1:28:19]} d5 {[%clk 1:16:52]} 10. cxd5 {[%clk 1:13:07]} Nxd5
{[%clk 1:14:48]} 11. Nxd5 Bxd5 {[%clk 0:57:26]} 12. d4 {[%clk 1:12:06]} Bf6
{[%clk 0:55:05]} 13. Qe2 {[%clk 1:10:07]} cxd4 14. Bxd4 {[%clk 0:55:07]} Bxd4
{[%clk 0:52:59]} 15. Nxd4 {[%clk 0:55:31]} Bxg2 {[%clk 0:52:18]} 16. Kxg2
{[%clk 0:55:56]} Qd5+ {[%clk 0:36:21]} 17. Qf3 {[%clk 0:52:51]} Qxf3+
{[%clk 0:35:12]} 18. Nxf3 {[%clk 0:50:02]} Nc6 {[%clk 0:24:56]} 19. Rac1
{[%clk 0:48:32]} Rac8 {[%clk 0:22:02]} 20. Rfd1 {[%clk 0:47:43]} Nb4
{[%clk 0:22:15]} 21. Rxc8 {[%clk 0:47:23]} Rxc8 {[%clk 0:22:41]} 22. Rd6
{[%clk 0:47:45]} Nxa2 {[%clk 0:16:26]} 23. Rxb6 {[%clk 0:47:45]} Nc1
{[%clk 0:16:09]} 24. Nd4 {[%clk 0:47:14]} Ra8 {[%clk 0:15:34]} 25. Nc6
{[%clk 0:43:02]} g6 {[%clk 0:14:15]} 26. b4 {[%clk 0:42:36]} Nb3 {[%clk 0:09:36]}
27. Na5 {[%clk 0:42:02]} Nd2 {[%clk 0:05:16]} 28. f3 {[%clk 0:41:15]} Rc8
{[%clk 0:04:51]} 29. Nc6 {[%clk 0:41:25]} Ra8 {[%clk 0:03:13]} 30. Rb8+ Rxb8 31.
Nxb8 {[%clk 0:39:09]} Nc4 {[%clk 0:02:28]} 32. Nxa6 {[%clk 0:38:43]} Kf8
{[%clk 0:02:53]} 33. Kf2 {[%clk 0:37:23]} Ke7 {[%clk 0:03:22]} 34. Nc5
{[%clk 0:35:41]} f5 {[%clk 0:03:39]} 35. e4 {[%clk 0:34:18]} Kd6 {[%clk 0:03:50]}
36. Ke2 {[%clk 0:33:56]} g5 {[%clk 0:03:59]} 37. f4 {[%clk 0:31:12]} gxf4
{[%clk 0:04:27]} 38. gxf4 {[%clk 0:31:37]} Na3 {[%clk 0:00:32]} 39. Kd3
{[%clk 0:30:10]} h5 {[%clk 0:01:02]} 40. h4 {[%clk 0:30:20]} Nb5 {[%clk 0:01:01]}
41. e5+ {[%clk 0:29:32]} Kd5 {[%clk 0:00:35]} 42. Nd7 {[%clk 0:29:26]} Kc6
{[%clk 0:00:32]} 43. Nf6 {[%clk 0:29:43]} Nc7 {[%clk 0:00:53]} 44. Ke3
{[%clk 0:26:02]} Kb5 {[%clk 0:00:36]} 45. Nxh5 {[%clk 0:26:24]} Nd5+
{[%clk 0:00:38]} 46. Kf3 {[%clk 0:26:47]} Ne7 {[%clk 0:00:33]} 47. Ng7
{[%clk 0:26:50]} Kxb4 {[%clk 0:00:31]} 48. Nxe6 {[%clk 0:26:52]} Kc4
{[%clk 0:00:50]} 49. Ng7 {[%clk 0:27:05]} Kd5 {[%clk 0:00:31]} 50. h5
{[%clk 0:27:26]} Kd4 {[%clk 0:00:31]} 51. h6 Kd5 1-0

[Event "Moscow_Open_19_Turnir"]
[Site "?"]
[Date "2019.01.30"]
[Round "6.7"]
[White "Ufimtsev, Egor"]
[Black "Nyudleev, Dolgan"]
[Result "0-1"]
[BlackElo "2333"]
[WhiteElo "2160"]
[LiveChessVersion "1.4.8"]

1. c4 c6 {[%clk 1:13:36]} 2. Nf3 {[%clk 1:19:10]} d5 {[%clk 1:13:55]} 3. d4
{[%clk 1:19:34]} dxc4 {[%clk 1:14:20]} 4. e3 {[%clk 1:19:34]} Be6
{[%clk 1:14:48]} 5. Nc3 {[%clk 1:19:53]} Nf6 {[%clk 1:15:02]} 6. Ng5 Bg4
{[%clk 1:08:55]} 7. f3 {[%clk 1:05:00]} Bh5 {[%clk 1:08:06]} 8. Bxc4
{[%clk 1:04:58]} e6 {[%clk 1:08:32]} 9. Nh3 {[%clk 0:59:44]} Be7 {[%clk 1:08:01]}
10. Nf4 {[%clk 0:59:25]} Bg6 {[%clk 1:08:04]} 11. Qb3 b5 {[%clk 0:33:26]} 12.
Bxe6 {[%clk 0:36:34]} fxe6 {[%clk 0:32:13]} 13. Nxe6 {[%clk 0:37:00]} Qd6
{[%clk 0:25:01]} 14. Nxg7+ {[%clk 0:32:14]} Kd7 {[%clk 0:24:27]} 15. e4
{[%clk 0:32:35]} Bf8 {[%clk 0:22:51]} 16. e5 {[%clk 0:25:59]} Qe7
{[%clk 0:20:01]} 17. Bg5 {[%clk 0:26:25]} Bxg7 {[%clk 0:20:02]} 18. O-O-O
{[%clk 0:26:53]} Qe6 {[%clk 0:12:05]} 19. Qxe6+ {[%clk 0:17:20]} Kxe6
{[%clk 0:12:28]} 20. exf6 {[%clk 0:17:46]} Bxf6 {[%clk 0:12:10]} 21. d5+ cxd5
{[%clk 0:08:55]} 22. Rhe1+ {[%clk 0:18:00]} Kf7 {[%clk 0:09:02]} 23. Bxf6
{[%clk 0:18:27]} Kxf6 {[%clk 0:09:31]} 24. Nxd5+ {[%clk 0:07:59]} Kg7
{[%clk 0:09:21]} 25. Ne7 {[%clk 0:04:09]} a6 {[%clk 0:03:50]} 26. Nxg6
{[%clk 0:00:55]} hxg6 {[%clk 0:04:18]} 27. Re7+ {[%clk 0:00:57]} Kf6
{[%clk 0:00:59]} 28. Rc7 {[%clk 0:01:08]} a5 {[%clk 0:00:40]} 29. Rd6+
{[%clk 0:00:37]} Ke5 {[%clk 0:00:59]} 30. Rxg6 {[%clk 0:00:33]} Na6
{[%clk 0:01:13]} 31. Re7+ {[%clk 0:00:34]} Kf5 {[%clk 0:00:45]} 32. Ree6
{[%clk 0:00:32]} Rac8+ {[%clk 0:00:47]} 33. Kb1 {[%clk 0:00:57]} Rxh2
{[%clk 0:00:48]} 34. Rgf6+ {[%clk 0:00:41]} Kg5 {[%clk 0:01:17]} 35. a3
{[%clk 0:00:40]} Nc5 {[%clk 0:00:49]} 36. Rg6+ {[%clk 0:00:58]} Kf4
{[%clk 0:00:51]} 37. Rb6 {[%clk 0:00:39]} a4 {[%clk 0:00:39]} 38. Rxb5
{[%clk 0:00:35]} Rh1+ {[%clk 0:00:50]} 39. Ka2 {[%clk 0:01:03]} Ke3
{[%clk 0:00:53]} 40. Rg4 {[%clk 0:01:10]} Kd3 {[%clk 0:00:39]} 41. Rbb4
{[%clk 0:01:11]} Rc1 {[%clk 0:00:37]} 42. Rgd4+ {[%clk 0:01:19]} Ke3
{[%clk 0:00:48]} 43. Rdc4 {[%clk 0:00:37]} Nd3 {[%clk 0:00:41]} 44. Re4+
{[%clk 0:00:51]} Kd2 {[%clk 0:00:41]} 45. Rb6 {[%clk 0:00:41]} R8c4
{[%clk 0:00:36]} 46. Rxc4 {[%clk 0:00:33]} Rxc4 {[%clk 0:01:04]} 47. Kb1
{[%clk 0:00:33]} Rc1+ {[%clk 0:00:39]} 48. Ka2 {[%clk 0:01:01]} Rc2
{[%clk 0:00:44]} 49. Kb1 {[%clk 0:01:13]} Rc1+ {[%clk 0:00:55]} 50. Ka2
{[%clk 0:01:41]} Rg1 {[%clk 0:00:54]} 51. g4 {[%clk 0:01:19]} Nc1+
{[%clk 0:01:21]} 0-1

[Event "Moscow_Open_19_Turnir"]
[Site "?"]
[Date "2019.01.30"]
[Round "6.8"]
[White "Kuzub, Pavel"]
[Black "Aleksandrovskiy, Dmitriy"]
[Result "1/2-1/2"]
[BlackElo "2299"]
[WhiteElo "1976"]
[LiveChessVersion "1.4.8"]

1. Nf3 {[%clk 1:15:55]} d6 {[%clk 1:29:59]} 2. d4 {[%clk 1:16:07]} Bg4
{[%clk 1:30:20]} 3. e4 {[%clk 1:16:02]} Nd7 {[%clk 1:28:59]} 4. Be2
{[%clk 1:14:57]} g6 {[%clk 1:29:03]} 5. h3 {[%clk 1:15:07]} Bxf3 6. Bxf3
{[%clk 1:15:36]} Bg7 {[%clk 1:29:26]} 7. O-O {[%clk 1:14:55]} e5 {[%clk 1:29:05]}
8. Be3 {[%clk 1:14:12]} exd4 {[%clk 1:25:53]} 9. Bxd4 {[%clk 1:14:12]} Bxd4 10.
Qxd4 {[%clk 1:14:17]} Qf6 {[%clk 1:26:45]} 11. Qb4 {[%clk 1:12:19]} Ne7
{[%clk 1:25:35]} 12. Nc3 {[%clk 1:11:03]} O-O {[%clk 1:24:21]} 13. Nb5
{[%clk 1:09:02]} Nc6 {[%clk 1:21:52]} 14. Qa3 {[%clk 1:02:10]} Rac8
{[%clk 1:20:14]} 15. Bg4 {[%clk 1:01:47]} Rfd8 {[%clk 1:20:31]} 16. Nc3
{[%clk 0:59:42]} h5 {[%clk 1:17:01]} 17. Nd5 {[%clk 0:55:00]} Qg7
{[%clk 1:17:26]} 18. Bxd7 {[%clk 0:52:55]} Rxd7 {[%clk 1:17:53]} 19. Rfe1
{[%clk 0:52:39]} Re8 {[%clk 1:17:29]} 20. Qf3 {[%clk 0:49:43]} Re6
{[%clk 1:16:58]} 21. c3 {[%clk 0:47:27]} Ne7 {[%clk 1:15:15]} 22. Rad1
{[%clk 0:45:49]} Nxd5 23. Rxd5 {[%clk 0:38:50]} Rde7 {[%clk 1:13:17]} 24. Re3
{[%clk 0:39:06]} c6 {[%clk 1:10:03]} 25. Rd4 {[%clk 0:37:51]} Qe5
{[%clk 1:10:15]} 26. a3 {[%clk 0:35:11]} Qg5 {[%clk 0:56:01]} 27. h4
{[%clk 0:28:31]} Qe5 {[%clk 0:55:05]} 28. g3 {[%clk 0:28:26]} Qb5
{[%clk 0:47:34]} 29. Rb4 {[%clk 0:28:38]} Qc5 {[%clk 0:47:47]} 30. Rd4
{[%clk 0:28:08]} Qb5 {[%clk 0:43:42]} 31. Rb4 {[%clk 0:28:32]} Qc5
{[%clk 0:44:10]} 32. Rd4 {[%clk 0:28:57]} Qb5 {[%clk 0:44:36]} 33. Rb4 1/2-1/2

[Event "Moscow_Open_19_Turnir"]
[Site "?"]
[Date "2019.01.30"]
[Round "6.9"]
[White "Dulguun, Altankhuyag"]
[Black "Thing, Bibek"]
[Result "1/2-1/2"]
[BlackElo "2264"]
[WhiteElo "1681"]
[LiveChessVersion "1.4.8"]

1. d4 {[%clk 1:24:56]} Nf6 {[%clk 1:29:26]} 2. c4 {[%clk 1:25:26]} e6
{[%clk 1:29:38]} 3. Nf3 {[%clk 1:25:55]} b6 {[%clk 1:28:30]} 4. e3
{[%clk 1:25:16]} Bb7 {[%clk 1:28:41]} 5. Bd3 {[%clk 1:25:35]} c5 {[%clk 1:28:54]}
6. Nbd2 {[%clk 1:26:01]} cxd4 {[%clk 1:28:44]} 7. exd4 {[%clk 1:26:22]} Be7
{[%clk 1:28:19]} 8. b3 {[%clk 1:26:45]} O-O {[%clk 1:28:22]} 9. Bb2
{[%clk 1:27:14]} d5 {[%clk 1:28:27]} 10. O-O {[%clk 1:27:37]} Nc6
{[%clk 1:27:32]} 11. Rc1 {[%clk 1:25:13]} Rc8 {[%clk 1:26:57]} 12. Qe2
{[%clk 1:25:33]} Qd6 {[%clk 1:17:35]} 13. c5 Qb8 {[%clk 1:15:03]} 14. cxb6
{[%clk 1:06:25]} Nb4 {[%clk 1:08:27]} 15. Bb5 {[%clk 0:53:01]} a6
{[%clk 1:06:43]} 16. Bd3 Nxa2 {[%clk 1:03:48]} 17. Rc7 {[%clk 0:43:50]} Bd6
{[%clk 1:00:20]} 18. Rxb7 {[%clk 0:37:21]} Qxb7 {[%clk 1:00:41]} 19. Bxa6
{[%clk 0:37:46]} Qxb6 {[%clk 1:00:43]} 20. Bxc8 {[%clk 0:36:06]} Rxc8
{[%clk 1:00:53]} 21. Ra1 {[%clk 0:36:17]} Nb4 {[%clk 1:00:21]} 22. Rc1
{[%clk 0:33:30]} Rxc1+ {[%clk 0:58:01]} 23. Bxc1 {[%clk 0:33:59]} h6
{[%clk 0:56:18]} 24. Ba3 {[%clk 0:34:02]} Qa5 {[%clk 0:55:54]} 25. Bxb4
{[%clk 0:34:19]} Bxb4 {[%clk 0:56:10]} 26. g3 {[%clk 0:34:15]} Bxd2
{[%clk 0:50:40]} 27. Qxd2 {[%clk 0:34:41]} Qa1+ {[%clk 0:51:02]} 28. Kg2
{[%clk 0:34:48]} Qb1 {[%clk 0:51:12]} 29. Qe3 {[%clk 0:33:07]} Ne4
{[%clk 0:48:38]} 30. Ne5 {[%clk 0:33:10]} Qb2 {[%clk 0:45:28]} 31. Nd7
{[%clk 0:32:50]} Nc3 {[%clk 0:28:54]} 32. Qf4 {[%clk 0:31:24]} Qxb3
{[%clk 0:24:20]} 33. Qc7 {[%clk 0:31:38]} Qc2 {[%clk 0:22:25]} 34. Qd8+
{[%clk 0:32:04]} Kh7 {[%clk 0:22:50]} 35. Nf8+ {[%clk 0:32:23]} Kg8
{[%clk 0:22:48]} 36. Nxe6+ {[%clk 0:30:48]} Kh7 {[%clk 0:22:43]} 37. Nf8+
{[%clk 0:31:17]} Kg8 {[%clk 0:22:56]} 38. Ng6+ {[%clk 0:31:39]} Kh7
{[%clk 0:23:18]} 39. Ne7 {[%clk 0:32:04]} Qe4+ {[%clk 0:16:54]} 40. Kh3
{[%clk 0:32:31]} Qe6+ {[%clk 0:15:33]} 41. g4 {[%clk 0:32:58]} f6
{[%clk 0:11:45]} 42. Qe8 {[%clk 0:31:49]} Ne2 1/2-1/2